Music Quiz

Random Music or Clip Quiz

Korean Songs of 2009 Quiz Stats

Quiz not verified by Sporcle

Challenge
Share
Tweet
Embed
Score 0/50 Timer 10:00
0 Plays Today
Time Song Name % Correct
00:00 - 00:07 Abracadabra
86.7%
00:58 - 01:03Gee
86.7%
04:20 - 04:28Sorry Sorry
83%
00:53 - 00:58Mr
82.1%
04:44 - 04:49Ring Ding Dong
81.2%
03:03 - 03:11Fire
80.3%
01:43 - 01:50Heartbreaker
78.9%
04:35 - 04:44I Don't Care
77.1%
05:34 - 05:42Genie
73.4%
00:07 - 00:13Love Like This
72.9%
02:00 - 02:07Hot Issue
72.5%
01:03 - 01:09Heartbeat
71.6%
02:47 - 02:54Oh Yeah
68.8%
01:26 - 01:31La Cha Ta
67.4%
00:41 - 00:44Bad Girl
64.2%
01:38 - 01:43Juliette
63.8%
01:18 - 01:22Chu
60.6%
01:31 - 01:38Sign
59.2%
02:33 - 02:41Manmanhani
58.7%
03:11 - 03:19Bo Peep Bo Peep
57.8%
00:50 - 00:53Lollipop
55.5%
02:41 - 02:47Mystery
55.5%
03:28 - 03:36Super Girl
52.3%
05:00 - 05:08It's You
50.9%
05:25 - 05:34Stand By Me
50%
Time Song Name % Correct
02:14 - 02:21Breathe
49.5%
03:56 - 04:05Muzik
49.1%
03:19 - 03:28Jojo
48.6%
04:28 - 04:35Because of You
47.7%
05:08 - 05:1610 Out of 10
46.3%
04:13 - 04:20I Hope
40.4%
00:37 - 00:41Ah!
37.6%
02:29 - 02:33Kiss
33.9%
01:09 - 01:13Marshmallow
32.1%
04:05 - 04:13My Ear's Candy
26.1%
00:13 - 00:20Seaside
21.1%
01:13 - 01:18When I Fall
21.1%
05:42 - 05:52Like the First Time
19.7%
02:54 - 03:03Pretty Boy
19.3%
00:44 - 00:50G.O.O.D LUV
15.1%
05:16 - 05:25Love Rain
13.8%
01:22 - 01:26Boo
9.6%
02:07 - 02:14OK!
7.8%
00:20 - 00:28Yearning Heart
6%
01:50 - 02:00Heaven
5%
04:49 - 05:00Please Be Nice To Me
5%
02:21 - 02:29High Technology
4.6%
03:46 - 03:56Cafe Latte
4.6%
03:36 - 03:46Guilty
2.8%
00:28 - 00:37Ping
0%

You're not logged in!

Compare scores with friends on all Sporcle quizzes.
Sign Up with Email
OR
Log In

You Might Also Like...

Show Comments

Extras

Top Quizzes Today


Score Distribution

Your Account Isn't Verified!

In order to create a playlist on Sporcle, you need to verify the email address you used during registration. Go to your Sporcle Settings to finish the process.